<?xml version="1.0" encoding="UTF-8"?>
<record
    xmlns:xsi="http://www.w3.org/2001/XMLSchema-instance"
    xsi:schemaLocation="http://www.loc.gov/MARC21/slim http://www.loc.gov/standards/marcxml/schema/MARC21slim.xsd"
    xmlns="http://www.loc.gov/MARC21/slim">

  <leader>00562nam a2200205 a 4500</leader>
  <controlfield tag="001">82848</controlfield>
  <controlfield tag="003">BD-RjUL</controlfield>
  <controlfield tag="005">20240129152402.0</controlfield>
  <controlfield tag="008">240129s1951    enk           000 0 eng  </controlfield>
  <datafield tag="035" ind1=" " ind2=" ">
    <subfield code="a">(BD-RjUL)82848</subfield>
  </datafield>
  <datafield tag="040" ind1=" " ind2=" ">
    <subfield code="a">NNL</subfield>
    <subfield code="c">FU</subfield>
    <subfield code="d">NcGU</subfield>
    <subfield code="d">Uk</subfield>
    <subfield code="d">DLC</subfield>
    <subfield code="d">BD-RjUL</subfield>
    <subfield code="b">eng</subfield>
  </datafield>
  <datafield tag="041" ind1=" " ind2=" ">
    <subfield code="a">eng</subfield>
  </datafield>
  <datafield tag="082" ind1=" " ind2=" ">
    <subfield code="2">23</subfield>
    <subfield code="a">822.91</subfield>
    <subfield code="b">MAS 1951</subfield>
  </datafield>
  <datafield tag="100" ind1="1" ind2=" ">
    <subfield code="a">MacCarthy, Desmond,</subfield>
    <subfield code="d">1877-1952</subfield>
    <subfield code="9">11239</subfield>
  </datafield>
  <datafield tag="245" ind1="1" ind2="0">
    <subfield code="a">Shaw /</subfield>
    <subfield code="c">Desmond MacCarthy</subfield>
  </datafield>
  <datafield tag="260" ind1=" " ind2=" ">
    <subfield code="a">London :</subfield>
    <subfield code="b">MacGibbon &amp; Kee,</subfield>
    <subfield code="c">1951.</subfield>
  </datafield>
  <datafield tag="300" ind1=" " ind2=" ">
    <subfield code="a">ix, 217p ;</subfield>
    <subfield code="c">23cm.</subfield>
  </datafield>
  <datafield tag="600" ind1="1" ind2="4">
    <subfield code="a">Shaw, Bernard,</subfield>
    <subfield code="d">1856-1950</subfield>
  </datafield>
  <datafield tag="942" ind1=" " ind2=" ">
    <subfield code="2">ddc</subfield>
    <subfield code="c">BK</subfield>
  </datafield>
  <datafield tag="999" ind1=" " ind2=" ">
    <subfield code="c">82848</subfield>
    <subfield code="d">82848</subfield>
  </datafield>
  <datafield tag="952" ind1=" " ind2=" ">
    <subfield code="0">0</subfield>
    <subfield code="1">0</subfield>
    <subfield code="2">ddc</subfield>
    <subfield code="4">0</subfield>
    <subfield code="7">1</subfield>
    <subfield code="8">FIC</subfield>
    <subfield code="a">RUCL</subfield>
    <subfield code="b">RUCL</subfield>
    <subfield code="c">Reading</subfield>
    <subfield code="d">1956-08-06</subfield>
    <subfield code="e">B.H. Blackwell ltd.</subfield>
    <subfield code="g">12.60</subfield>
    <subfield code="l">0</subfield>
    <subfield code="o">822.91 MAS 1951</subfield>
    <subfield code="r">2024-01-29 00:00:00</subfield>
    <subfield code="t">C-1</subfield>
    <subfield code="w">2024-01-29</subfield>
    <subfield code="y">BK</subfield>
  </datafield>
</record>
